<?xml version="1.0" encoding="UTF-8"?><?xml-stylesheet type="text/xsl" href="static/style.xsl"?><OAI-PMH xmlns="http://www.openarchives.org/OAI/2.0/" xmlns:xsi="http://www.w3.org/2001/XMLSchema-instance" xsi:schemaLocation="http://www.openarchives.org/OAI/2.0/ http://www.openarchives.org/OAI/2.0/OAI-PMH.xsd"><responseDate>2026-04-13T05:01:57Z</responseDate><request verb="GetRecord" identifier="oai:www.recercat.cat:20.500.12694/7196" metadataPrefix="marc">https://recercat.cat/oai/request</request><GetRecord><record><header><identifier>oai:recercat.cat:20.500.12694/7196</identifier><datestamp>2025-12-18T12:09:50Z</datestamp><setSpec>com_2072_179042</setSpec><setSpec>col_2072_484474</setSpec></header><metadata><record xmlns="http://www.loc.gov/MARC21/slim" xmlns:dcterms="http://purl.org/dc/terms/" xmlns:xsi="http://www.w3.org/2001/XMLSchema-instance" xmlns:doc="http://www.lyncode.com/xoai" xsi:schemaLocation="http://www.loc.gov/MARC21/slim http://www.loc.gov/standards/marcxml/schema/MARC21slim.xsd">
   <leader>00925njm 22002777a 4500</leader>
   <datafield ind2=" " ind1=" " tag="042">
      <subfield code="a">dc</subfield>
   </datafield>
   <datafield ind2=" " ind1=" " tag="720">
      <subfield code="a">Basco Gironés, Josep</subfield>
      <subfield code="e">author</subfield>
   </datafield>
   <datafield ind2=" " ind1=" " tag="260">
      <subfield code="c">2011-12-14</subfield>
   </datafield>
   <datafield ind2=" " ind1=" " tag="520">
      <subfield code="a">Modulacions i desplaçaments ens permeten endinsar‐nos a la vessant més rítmica de la música, de la mà d’uns quants conceptes teòrics referents a alguns dels recursos utilitzats a la música moderna. A més dels conceptes teòrics, també podrem trobar diferents exemples sonors molt representatius. Aquest treball ha de ser una eina d’ajuda per a la comprensió i assimilació d’aquests conceptes; en cap cas ha de ser una dificultat o entrebanc. L’assimilació d’aquests ens pot obrir les portes a una gran quantitat de recursos rítmics, ja sigui a nivell individual com a intèrpret o a nivell col·lectiu com a banda.</subfield>
   </datafield>
   <datafield ind2=" " ind1=" " tag="520">
      <subfield code="a">Las modulaciones y desplazamientos rítmicos nos permiten profundizar en la vertiente más rítmica de la música, de la mano de unos cuantos conceptos teóricos, referidos a algunos de los recursos utilizados en la música moderna. Además de los conceptos teóricos, también podremos encontrar distintos ejemplos sonoros representativos. Este trabajo tiene que ser una herramienta de ayuda para la comprensión y asimilación de estos conceptos, nunca una dificultad u obstáculo. La asimilación de estos nos permite abrir las puertas a una gran cantidad de recursos rítmicos, ya sea a nivel individual como intérprete o a nivel colectivo como banda.</subfield>
   </datafield>
   <datafield ind2=" " ind1=" " tag="520">
      <subfield code="a">Modulations and rhythmic displacements show us a way to study the rhythmic side of music in depth, with a few theoretical concepts related to some of the resources used in modern music. Besides these concepts, we will find several representative sound examples. This essay is a tool to understand and assimilate these concepts and should never be an obstacle to achieving this goal. This assimilation will allow us to access a huge number of rhythmic resources, both as individuals or performers and as a collective or band.</subfield>
   </datafield>
   <datafield ind1="8" ind2=" " tag="024">
      <subfield code="a">http://hdl.handle.net/20.500.12694/7196</subfield>
   </datafield>
   <datafield tag="653" ind2=" " ind1=" ">
      <subfield code="a">TFG Jazz i música moderna</subfield>
   </datafield>
   <datafield tag="653" ind2=" " ind1=" ">
      <subfield code="a">Música moderna</subfield>
   </datafield>
   <datafield tag="653" ind2=" " ind1=" ">
      <subfield code="a">Bateria</subfield>
   </datafield>
   <datafield tag="653" ind2=" " ind1=" ">
      <subfield code="a">Modulació (Música)</subfield>
   </datafield>
   <datafield tag="653" ind2=" " ind1=" ">
      <subfield code="a">Música--Ritme i compàs</subfield>
   </datafield>
   <datafield ind2="0" ind1="0" tag="245">
      <subfield code="a">Modulacions i desplaçaments rítmics</subfield>
   </datafield>
</record></metadata></record></GetRecord></OAI-PMH>